Dewdroppers, waldors and slackers (Record no. 9664)

MARC details
000 -LEADER
fixed length control field 00666nam a22002057a 4500
003 - CONTROL NUMBER IDENTIFIER
control field OSt
005 - DATE AND TIME OF LATEST TRANSACTION
control field 20260422040103.0
008 - FIXED-LENGTH DATA ELEMENTS--GENERAL INFORMATION
fixed length control field 260422b |||||||| |||| 00| 0 eng d
020 ## - INTERNATIONAL STANDARD BOOK NUMBER
International Standard Book Number 0-19-518254-5
040 ## - CATALOGING SOURCE
Original cataloging agency DWCL Main Lib
Transcribing agency OC
082 ## - DEWEY DECIMAL CLASSIFICATION NUMBER
Classification number 428.00973 Ost85 2005
100 ## - MAIN ENTRY--PERSONAL NAME
Personal name Ostler, Rosemarie
245 ## - TITLE STATEMENT
Title Dewdroppers, waldors and slackers
Statement of responsibility, etc. Rosemarie Ostler
260 ## - PUBLICATION, DISTRIBUTION, ETC.
Place of publication, distribution, etc. New York
Name of publisher, distributor, etc. Oxford University Press
Date of publication, distribution, etc. c2005
300 ## - PHYSICAL DESCRIPTION
Extent 237 pages
Dimensions 24 cm.
650 ## - SUBJECT ADDED ENTRY--TOPICAL TERM
Topical term or geographic name entry element 1. English language - 20th century.
650 ## - SUBJECT ADDED ENTRY--TOPICAL TERM
Topical term or geographic name entry element 2. Americanisms
650 ## - SUBJECT ADDED ENTRY--TOPICAL TERM
Topical term or geographic name entry element 3. English language - 20th century - United States - Slang - Dictionaries
942 ## - ADDED ENTRY ELEMENTS (KOHA)
Source of classification or shelving scheme Dewey Decimal Classification
Koha item type Book Circulation
Classification part Circ.
Suppress in OPAC No
952 ## - LOCATION AND ITEM INFORMATION (KOHA)
--
Holdings
Withdrawn status Lost status Source of classification or shelving scheme Damaged status Not for loan Home library Current library Shelving location Date acquired Source of acquisition Total Checkouts Barcode Date last seen Copy number Price effective from Koha item type Uniform Resource Identifier
    Dewey Decimal Classification     College Library College Library Circulation 06/13/2006 School Fund   CL43598 04/22/2026 c1 04/22/2026 BK-CIRC